Matematika pre 7. ročník špeciálnej základnej školy : pracovný zošit 2. časť

Bibliographic Details
Main Author: Melišková, Lýdia (Author)
Other Authors: Imro, Igor, 1943- (Illustrator), Melišek, Jaroslav (Photographer)
Format: Book
Language:Slovak
PhysicalDescription:64 strán, 4 nečíslované strany obrazových príloh farebné fotografie, farebné ilustrácie, tabuľky 30 cm
Published: Bratislava Slovenské pedagogické nakladateľstvo 2018
ISBN:9788010033133
Edition:Dvanáste vydanie
Subjects:

MARC

LEADER 00000cam a2200000 4500
001 vtls011773638
003 SK-MaSNL
005 20260301045603.0
008 200205s2018 xo oal crp 000 0 slo
015 |a SNBA2018/10 
020 |a 9788010033133  |q (brožované) 
035 |a urn:nbn:sk:snk-am00d8yf 
035 |a urn:nbn:sk:snk-am3htoo 
035 |a 68EE7500-C843-40FB-AEB3-9565B6A013B2 
040 |a SNK  |b slo  |c SNK  |e rda 
041 0 |a slo 
044 |a xo  |c SK 
072 7 |a 51  |x Matematika  |2 konspekt 
080 |a 51  |2 2011 
080 |a (075.2)  |2 2011 
080 |a (076.1)  |2 2011 
100 1 |a Melišková, Lýdia  |4 aut  |9 178157 
245 1 0 |a Matematika  |b pre 7. ročník špeciálnej základnej školy : pracovný zošit  |n 2. časť  |c autorka Lýdia Melišková ; ilustrácie Igor Imro, Jaroslav Melišek (foto o doprave) 
250 |a Dvanáste vydanie 
264 1 |a Bratislava  |b Slovenské pedagogické nakladateľstvo  |c 2018 
300 |a 64 strán, 4 nečíslované strany obrazových príloh  |b farebné fotografie, farebné ilustrácie, tabuľky  |c 30 cm 
336 |a text  |b txt  |2 rdacontent 
337 |a bez média  |b n  |2 rdamedia 
338 |a zväzok  |b nc  |2 rdacarrier 
650 0 7 |a matematika  |2 SNKPH  |9 70174 
650 0 7 |a Mathematics  |2 SNKPHeng  |9 265620 
655 7 |a učebnice špeciálnych základných škôl  |2 SNKPH  |9 70204 
655 7 |a pracovné zošity  |2 SNKPH  |9 70188 
655 7 |a Textbooks (elementary)  |2 SNKPHeng  |9 276977 
655 7 |a Activity books  |2 SNKPHeng  |9 302885 
700 1 |a Imro, Igor,  |d 1943-  |4 ill  |9 86339 
700 1 |a Melišek, Jaroslav  |4 pht  |9 69758 
852 |a Štátna vedecká knižnica v Banskej Bystrici 
919 |a 978-80-10-03313-3 
999 |c 598841  |d 600771 
952 |a SNK  |b SNK  |y PREZ  |7 0  |p 17A1338086  |o snkSB 91009/2  |i snk2018/21588  |8 0  |0 0  |1 0  |4 0  |d 2018-10-22  |f 1  |l 0  |r 2025-05-14 00:00:00  |w 2026-02-23 
952 |a SNK  |b SNK  |y VYP  |7 0  |p 17A1338087  |o snkSB 91009/2 D1  |i snk2018/21590  |8 0  |0 0  |1 0  |4 0  |d 2018-10-22  |l 0  |r 2026-02-23 15:47:13  |w 2026-02-23